Statystyki dla Top 3 najlepsze kluby z poszczególnych wojewódźtw

Kliknij tutaj aby rozwiązać quiz!

Ogólne statystyki

  • Ten quiz został rozwiązany 72 razy
  • Średni wynik to 19 z 48

Statystyki odpowiedzi

HintOdpowiedź% Poprawnych
Mazowieckie 1Legia Warszawa
89%
Pomorskie 1Lechia Gdańsk
79%
2Arka Gdynia
77%
Wielkopolskie 1Lech Poznań
77%
Łódzkie 1Widzew Łódź
70%
Małopolskie 1Wisła Kraków
70%
Dolnosląskie 1Śląsk Wrocław
69%
1Cracovia
67%
1ŁKS Łódź
66%
Podlaskie 1Jagiellonia Białystok
62%
Świętokrzyskie 1Korona Kielce
62%
2Warta Poznań
62%
2Górnik Zabrze
57%
2Wisła Płock
56%
2Zagłębie Lubin
56%
3Polonia Warszawa
54%
Śląskie 1Raków Częstochowa
52%
Lubelskie 1Motor Lublin
51%
2Stal Rzeszów
48%
Warminsko Mazurskie 1Stomil Olsztyn
48%
Opolskie 1Odra Opole
46%
3Piast Gliwice
44%
Podkarpackie 1Stal Mielec
44%
3Resovia
43%
2Zawisza Bydgoszcz
39%
2Elana Toruń
36%
3Miedź Legnica
36%
2Górnik Łęczna
33%
3Puszcza Niepołomice
30%
2Kotwica Kołobrzeg
28%
3KKS Kalisz
26%
Zachodnio-Pomorskie 1Pogoń Szczecin
26%
3GKS Bełchatów
25%
2Olimpia Elbląg
25%
3Chojniczanka Chojnice
20%
2KSZO Ostrowiec
20%
3Wigry Suwałki
20%
Kujawsko-Pomorskie 1Olimpia Grudziądz
18%
Lubuskie 1Lechia Zielona Góra
16%
2ŁKS Łomża
13%
3Avia Świdnik
10%
2Stilon Gorzów Wielkopolski
10%
3Gwardia Koszalin
7%
3MKS Kluczbork
7%
3Warta Gorzów
5%
2Chemik Kędzierzyn-Koźle
3%
3Concordia Elbląg
3%
3Czarni Połaniec
3%

Rozkład punktacji

Percentyl według liczby udzielonych odpowiedzi

Procent ludzi z każdym wynikiem

Twoja historia wyników

Nie rozwiązałeś tego quizu